[Event "XIX Festival Conca della Presolana Magistrale"]
[Site "Bratto - Castione della Presolana ITA"]
[Date "1999.08.25"]
[Round "4"]
[White "Ragonese, Lucio Rosario"]
[Black "Astengo, Corrado"]
[Result "0-1"]
[WhiteElo "2010"]
[BlackElo "2164"]
[PlyCount "60"]
[EventDate "1999.08.22"]

1.d4 Nf6 2.Nf3 e6 3.Bg5 b6 4.Nbd2 Bb7 5.e3 Be7 6.Bd3 d6 7.O-O Nbd7 8.c3 h6
9.Bh4 e5 10.dxe5 dxe5 11.Qc2 O-O 12.Bxf6 Bxf6 13.Ne4 Qe7 14.Nfd2 Rad8 15.
Rad1 Bh4 16.Nf3 Kh8 17.g3 Bf6 18.Nxf6 Bxf3 19.Nxd7 Bxd1 20.Rxd1 Rxd7 21.
Bf5 Rxd1+ 22.Qxd1 g6 23.Bc2 Rd8 24.Qf3 Rd2 25.Bb3 Kg7 26.Qe4 Qf6 27.f4 
exf4 28.exf4 Qd6 29.Bc2 Qc5+ 30.Kh1 Qd5 0-1

[Event "XIX Festival Conca della Presolana Magistrale"]
[Site "Bratto - Castione della Presolana ITA"]
[Date "1999.08.25"]
[Round "4"]
[White "Ricci, Alfredo"]
[Black "Alberton, Roberto"]
[Result "1/2-1/2"]
[WhiteElo "2042"]
[BlackElo "2138"]
[PlyCount "109"]
[EventDate "1999.08.22"]

1.e4 e5 2.Nf3 Nc6 3.Bc4 Nf6 4.O-O Be7 5.Re1 O-O 6.d4 d6 7.d5 Nb8 8.h3 c6 
9.dxc6 bxc6 10.Nc3 Qc7 11.Bb3 Nbd7 12.Be3 Bb7 13.Nh4 g6 14.Bh6 Rfe8 15.Qf3
Nc5 16.Nf5 Bf8 17.Bg5 Nxb3 18.axb3 Re6 19.Nh6+ Bxh6 20.Bxh6 Ne8 21.Qe3 a6 
22.Rad1 f6 23.f4 Re7 24.f5 gxf5 25.exf5 d5 26.Rd3 Kh8 27.Na4 Nd6 28.Qf2 
Rf7 29.Nc5 Rg8 30.Rf1 Bc8 31.Ne6 Qe7 32.Bg7+ Rfxg7 33.Nxg7 Qxg7 34.g4 Bxf5
35.Rc3 Bd7 36.Qxf6 Qxf6 37.Rxf6 Ne4 38.Rcxc6 Nxf6 39.Rxf6 Re8 40.Rd6 Be6 
41.Rxa6 e4 42.Kf2 d4 43.Rd6 d3 44.cxd3 e3+ 45.Ke2 Bxb3 46.Rd4 Kg7 47.Re4 
Rxe4 48.dxe4 Kf6 49.Kxe3 Ke5 50.g5 Bc2 51.b4 Bxe4 52.h4 Bd5 53.h5 Kf5 54.
Kd4 Bf3 55.g6 1/2-1/2

[Event "XIX Festival Conca della Presolana Magistrale"]
[Site "Bratto - Castione della Presolana ITA"]
[Date "1999.08.25"]
[Round "4"]
[White "Scavo, Fernando"]
[Black "Moloney, Nicholas R."]
[Result "1-0"]
[WhiteElo "2290"]
[BlackElo "2128"]
[PlyCount "59"]
[EventDate "1999.08.22"]

1.e4 c6 2.d4 d5 3.exd5 cxd5 4.c4 Nf6 5.Nc3 e6 6.Nf3 Be7 7.cxd5 Nxd5 8.Bd3 
O-O 9.O-O Nc6 10.a3 Bf6 11.Qc2 g6 12.Bh6 Bg7 13.Bxg7 Kxg7 14.Rad1 Nce7 15.
Be4 b6 16.Nxd5 Nxd5 17.Qc6 Bd7 18.Qd6 Ba4 19.Qe5+ Nf6 20.Rc1 Rc8 21.Bb7 
Rc2 22.Rxc2 Bxc2 23.Rc1 Qb8 24.Rxc2 Qxb7 25.Rc7 Qa6 26.Ng5 Qd3 27.h3 Qb1+ 
28.Kh2 Qf5 29.Nxe6+ Kg8 30.Qxf5 1-0

[Event "XIX Festival Conca della Presolana Magistrale"]
[Site "Bratto - Castione della Presolana ITA"]
[Date "1999.08.25"]
[Round "4"]
[White "Temi, Walter"]
[Black "Ranieri, Fabrizio"]
[Result "1/2-1/2"]
[WhiteElo "2096"]
[BlackElo "2155"]
[PlyCount "64"]
[EventDate "1999.08.22"]

1.e4 e6 2.d4 d5 3.Nc3 Bb4 4.e5 c5 5.Bd2 Ne7 6.a3 Bxc3 7.Bxc3 Nbc6 8.Nf3 
cxd4 9.Bxd4 Nf5 10.c3 Nfxd4 11.cxd4 Qb6 12.b4 Bd7 13.Qd2 Rc8 14.Be2 O-O 
15.O-O Ne7 16.a4 Qc7 17.Rfc1 Qb8 18.b5 b6 19.Bd3 Rxc1+ 20.Rxc1 Rc8 21.
Rxc8+ Qxc8 22.Qc2 Qxc2 23.Bxc2 f6 24.Kf1 Be8 25.Ke2 Bh5 26.Ke3 Bxf3 27.
Kxf3 fxe5 28.dxe5 Kf7 29.Ke3 Ng6 30.f4 Ne7 31.g4 g6 32.Kd4 h6 1/2-1/2

[Event "XIX Festival Conca della Presolana Magistrale"]
[Site "Bratto - Castione della Presolana ITA"]
[Date "1999.08.25"]
[Round "4"]
[White "Trabert, Bettina"]
[Black "Mariano, Elia"]
[Result "1/2-1/2"]
[WhiteElo "2301"]
[BlackElo "2235"]
[PlyCount "122"]
[EventDate "1999.08.22"]

1.e4 e6 2.d4 d5 3.Nd2 Nf6 4.e5 Nfd7 5.c3 c5 6.Bd3 Nc6 7.Ne2 cxd4 8.cxd4 f6
9.exf6 Nxf6 10.Nf3 Bd6 11.O-O O-O 12.Bf4 Bxf4 13.Nxf4 Ne4 14.Qc1 Qf6 15.
Ne2 e5 16.Qe3 exd4 17.Nfxd4 Nxd4 18.Qxd4 Qxd4 19.Nxd4 Bd7 20.Rac1 Rac8 21.
f3 Nd6 22.Rxc8 Rxc8 23.Re1 Re8 24.Rxe8+ Bxe8 25.Kf2 Kf7 26.b3 g6 27.Ke3 b6
28.Ne2 Bc6 29.Kd4 Ne8 30.Nf4 Nf6 31.h4 Ke7 32.b4 Kd6 33.Bc2 Nd7 34.Bb3 Nf6
35.Nd3 Nd7 36.a3 Nf8 37.Nf4 Ne6+ 38.Nxe6 Kxe6 39.g3 h6 40.f4 Kd6 41.Bc2 
Be8 42.Bb1 Bf7 43.Bc2 Be8 44.Bd1 h5 45.Bc2 Ke6 46.Bb1 Bf7 47.Bd3 Kf6 48.a4
Ke6 49.a5 Kf6 50.Bc2 Ke6 51.Bb1 Kd6 52.f5 gxf5 53.Bxf5 bxa5 54.bxa5 Be6 
55.Bd3 Bg4 56.Bb5 Bf3 57.Bf1 Kc6 58.Bd3 Kd6 59.Bb5 Bg4 60.Be8 Bf3 61.Bf7 
Kc6 1/2-1/2

[Event "XIX Festival Conca della Presolana Magistrale"]
[Site "Bratto - Castione della Presolana ITA"]
[Date "1999.08.25"]
[Round "4"]
[White "Zaitsev, Vadim"]
[Black "De Barberis, Massimo"]
[Result "1/2-1/2"]
[WhiteElo "2411"]
[BlackElo "2096"]
[PlyCount "40"]
[EventDate "1999.08.22"]

1.Nf3 Nf6 2.g3 b5 3.Na3 a6 4.c4 e6 5.b3 b4 6.Nc2 Bb7 7.Bg2 Be7 8.Bb2 O-O 
9.d3 c5 10.e4 d6 11.O-O Nc6 12.Qd2 Qc7 13.Ne3 a5 14.a4 Rad8 15.Rae1 Bc8 
16.Nc2 e5 17.Nh4 Nd4 18.Nxd4 cxd4 19.h3 Nd7 20.Nf5 Nc5 1/2-1/2

[Event "XIX Festival Conca della Presolana Magistrale"]
[Site "Bratto - Castione della Presolana ITA"]
[Date "1999.08.25"]
[Round "4"]
[White "Zoldan, Matteo"]
[Black "Leoni, Fabrizio"]
[Result "1-0"]
[WhiteElo "2105"]
[BlackElo "1905"]
[PlyCount "57"]
[EventDate "1999.08.22"]

1.c4 Nf6 2.Nc3 e5 3.g3 Nc6 4.Bg2 Bb4 5.e4 Bxc3 6.dxc3 O-O 7.Ne2 d6 8.O-O 
Be6 9.b3 Qc8 10.f3 Nd7 11.Be3 f5 12.exf5 Bxf5 13.g4 Be6 14.h3 Qe8 15.Qd2 
h5 16.Ng3 hxg4 17.fxg4 Nf6 18.Nf5 Qd7 19.Rad1 Rad8 20.Bg5 Qe8 21.Nxg7 Kxg7
22.Bh6+ Kh8 23.Bxf8 Qxf8 24.g5 Qg7 25.Rxf6 Bf7 26.Qf2 Rd7 27.Rf1 Kg8 28.
Qf5 Re7 29.g6 1-0

[Event "XIX Festival Conca della Presolana Magistrale"]
[Site "Bratto - Castione della Presolana ITA"]
[Date "1999.08.26"]
[Round "5"]
[White "Alberton, Roberto"]
[Black "Temi, Walter"]
[Result "1-0"]
[WhiteElo "2138"]
[BlackElo "2096"]
[PlyCount "85"]
[EventDate "1999.08.22"]

1.e4 b6 2.d4 Bb7 3.Bd3 e6 4.Nf3 c5 5.c3 d5 6.e5 Qd7 7.Qe2 Nc6 8.O-O Nge7 
9.Na3 Ng6 10.Re1 cxd4 11.cxd4 Nb4 12.Bb1 Ba6 13.Qd1 Rc8 14.Qb3 Be7 15.Bg5 
O-O 16.Bxe7 Qxe7 17.Qe3 h6 18.g3 Rc6 19.Rd1 Rfc8 20.Ne1 Qc7 21.Qb3 Qe7 22.
Qe3 Qc7 23.Qd2 Qe7 24.Nec2 Nxc2 25.Nxc2 Rc4 26.Ne3 R4c7 27.f4 Nf8 28.Kf2 
Nd7 29.h4 f5 30.exf6 Nxf6 31.Kg2 Rf8 32.Re1 Bc8 33.Bd3 Qf7 34.Rac1 Rxc1 
35.Rxc1 g6 36.Qc2 Nh5 37.Bxg6 Nxf4+ 38.gxf4 Qxf4 39.Bh5 Kh8 40.Rf1 Qd6 41.
Rxf8+ Qxf8 42.Qc7 Ba6 43.Bg6 1-0

[Event "XIX Festival Conca della Presolana Magistrale"]
[Site "Bratto - Castione della Presolana ITA"]
[Date "1999.08.26"]
[Round "5"]
[White "Astengo, Corrado"]
[Black "Zaitsev, Vadim"]
[Result "0-1"]
[WhiteElo "2164"]
[BlackElo "2411"]
[PlyCount "132"]
[EventDate "1999.08.22"]

1.e4 c5 2.Nf3 Nc6 3.d4 cxd4 4.Nxd4 Nf6 5.Nc3 d6 6.f4 g6 7.Nxc6 bxc6 8.e5 
dxe5 9.Qxd8+ Kxd8 10.fxe5 Nd7 11.Bf4 Bg7 12.O-O-O Ke8 13.Re1 Nc5 14.Bc4 
Be6 15.Bxe6 Nxe6 16.Bg3 h5 17.h3 h4 18.Bh2 Rh5 19.Re4 Rd8 20.Rhe1 Bh6+ 21.
Kb1 Rd2 22.Bg1 a6 23.Rb4 Rxg2 24.Rb8+ Kd7 25.Rb7+ Kc8 26.Rxe7 Rxe5 27.Rd1 
Rd2 28.Rf1 f5 29.a3 Bg5 30.Rh7 Rd7 31.Rh8+ Kb7 32.Bh2 f4 33.Rg8 Rg7 34.
Rxg7+ Nxg7 35.Bxf4 Rf5 36.Rd1 Ne6 37.Bxg5 Nxg5 38.Rd6 Nxh3 39.Rxg6 Nf2 40.
Rh6 h3 41.Ne2 Re5 42.Nd4 Re3 43.Nf5 Re5 44.Nd4 Re3 45.Nf5 Rf3 46.Nd4 Rg3 
47.Nf5 Rg5 48.Nd4 Rg2 49.Nf3 Rg3 50.Ne5 Re3 51.Nc4 Re1+ 52.Ka2 Kc7 53.Nd6 
Ng4 54.Rxh3 Kxd6 55.Rh7 Kc5 56.Rb7 Re2 57.Kb3 Re4 58.c3 Ne3 59.Ka2 a5 60.
b4+ axb4 61.cxb4+ Kc4 62.Rb6 Kd5 63.Ra6 Nc4 64.Ra8 Kd4 65.b5 Re2+ 66.Ka1 
cxb5 0-1

[Event "XIX Festival Conca della Presolana Magistrale"]
[Site "Bratto - Castione della Presolana ITA"]
[Date "1999.08.26"]
[Round "5"]
[White "Barbafiera, Luigi"]
[Black "Lapiccirella, Daniele"]
[Result "1/2-1/2"]
[WhiteElo "1915"]
[BlackElo "1891"]
[PlyCount "92"]
[EventDate "1999.08.22"]

1.c4 Nf6 2.Nc3 c6 3.Nf3 d5 4.cxd5 cxd5 5.e3 Nc6 6.Bb5 a6 7.Bxc6+ bxc6 8.
Ne5 Qc7 9.d4 e6 10.Qa4 Bd7 11.b3 Bd6 12.Nxd7 Nxd7 13.Ba3 O-O 14.Rc1 c5 15.
dxc5 Nxc5 16.Bxc5 Bxc5 17.O-O Rfc8 18.Nxd5 exd5 19.b4 Qd6 20.bxc5 Rxc5 21.
Rxc5 Qxc5 22.Rd1 g6 23.Qd4 Qxd4 24.Rxd4 Rb8 25.g3 Rb5 26.Kg2 Kf8 27.Kf3 
Ke7 28.Ke2 h5 29.h4 Ke6 30.f3 f5 31.Ra4 Rb6 32.Ra5 Rc6 33.Kd3 Rb6 34.Kd4 
Rb4+ 35.Kc5 Rc4+ 36.Kb6 Rc3 37.Rxa6 Rxe3 38.Kc5+ Kf7 39.Kxd5 Rxf3 40.Ra7+ 
Kf6 41.Ra6+ Kg7 42.Ra7+ Kh6 43.Ke5 Rxg3 44.Kf6 Rc3 45.Ra8 Rc6+ 46.Ke5 Rc5+
1/2-1/2

[Event "XIX Festival Conca della Presolana Magistrale"]
[Site "Bratto - Castione della Presolana ITA"]
[Date "1999.08.26"]
[Round "5"]
[White "Barbieri, Giovanni"]
[Black "Luchsinger, Eric"]
[Result "1-0"]
[WhiteElo "2108"]
[BlackElo "2200"]
[PlyCount "77"]
[EventDate "1999.08.22"]

1.e4 e5 2.Nf3 Nf6 3.Nxe5 d6 4.Nf3 Nxe4 5.Nc3 Nxc3 6.dxc3 Be7 7.Be3 Nd7 8.
Qd2 Nf6 9.Bd3 O-O 10.h3 d5 11.O-O-O c5 12.Rhe1 a6 13.Kb1 Be6 14.Ng5 Bd7 
15.g4 Bc6 16.Qe2 Qc7 17.f4 Bd6 18.Qf2 Rfe8 19.Rf1 b6 20.Bc1 h6 21.Nf3 Bxf4
22.g5 hxg5 23.Nxg5 Bxc1 24.Kxc1 Re5 25.Qh4 Qd6 26.Rde1 Rae8 27.Rxe5 Qxe5 
28.a3 c4 29.Bh7+ Kf8 30.Kb1 Ba4 31.Bf5 Kg8 32.Nh7 Nxh7 33.Bxh7+ Kf8 34.Bg6
f6 35.Qh8+ Ke7 36.Qxg7+ Kd8 37.Bxe8 Bxe8 38.Qxf6+ Qxf6 39.Rxf6 1-0

[Event "XIX Festival Conca della Presolana Magistrale"]
[Site "Bratto - Castione della Presolana ITA"]
[Date "1999.08.26"]
[Round "5"]
[White "Bertazzo, Giorgio"]
[Black "Osuna Munoz, Xavier"]
[Result "1-0"]
[WhiteElo "2004"]
[BlackElo "2096"]
[PlyCount "224"]
[EventDate "1999.08.22"]

1.e4 e5 2.Nf3 Nc6 3.Nc3 Nf6 4.g3 d6 5.Bg2 Be7 6.O-O O-O 7.d3 Bg4 8.h3 Be6 
9.Ng5 h6 10.Nxe6 fxe6 11.Nb1 Qe8 12.c3 d5 13.Nd2 Rd8 14.Qe2 Qg6 15.a3 a6 
16.b4 Rd7 17.Nb3 Rfd8 18.Re1 Bd6 19.Rb1 b6 20.Bb2 a5 21.b5 Ne7 22.c4 dxc4 
23.dxc4 a4 24.c5 bxc5 25.Na5 Qe8 26.Nc4 Ng6 27.Qc2 Rf7 28.Qxa4 Rb8 29.Bc3 
Nd7 30.Qb3 Be7 31.a4 h5 32.h4 Qf8 33.Rf1 Bxh4 34.gxh4 Nxh4 35.Nxe5 Nxe5 
36.Bxe5 Nf3+ 37.Bxf3 Rxf3 38.Qd1 Rd8 39.Qe2 Qf7 40.Bh2 Rdd3 41.Rbd1 c4 42.
Rc1 e5 43.Rc2 Qe6 44.Kh1 h4 45.a5 Rf8 46.f3 Rfd8 47.Qg2 c3 48.Rg1 R8d7 49.
a6 Rd2 50.a7 Qe8 51.Rxd2 cxd2 52.Rd1 Qa8 53.Rxd2 Rxd2 54.Qxd2 Qxa7 55.Qd8+
Kf7 56.Qd7+ Kf8 57.Qf5+ Kg8 58.Qe6+ Kf8 59.Qxe5 Qf2 60.Qf4+ Kg8 61.Bg1 Qf1
62.Qg4 Qxb5 63.Qc8+ Kh7 64.Qxc7 Qf1 65.Qh2 Qxf3+ 66.Qg2 Qf4 67.Qe2 g5 68.
Qh5+ Kg7 69.Bd4+ Kf8 70.Qh6+ Ke7 71.Qg7+ Ke6 72.Qg6+ Ke7 73.Bc5+ Kd8 74.
Qb6+ Kd7 75.Qb7+ Kd8 76.Bb6+ Ke8 77.Qc8+ Kf7 78.Qd7+ Kg6 79.Qe6+ Kh5 80.
Qe8+ Kg4 81.Qd7+ Kh5 82.Qf5 Qc1+ 83.Bg1 Qe1 84.Qf3+ Kg6 85.Kg2 Qd2+ 86.Bf2
Qd7 87.Be3 Qe6 88.Bd4 Qa2+ 89.Kh3 Qe6+ 90.Qg4 Qb3+ 91.Kg2 Qc2+ 92.Bf2 Qd2 
93.Qf5+ Kh5 94.e5 Qd5+ 95.Kh2 Qd2 96.Qh7+ Kg4 97.Qe4+ Kh5 98.Kh3 Kh6 99.
Qe3 Qd1 100.Be1 Kh5 101.e6 g4+ 102.Kh2 Qc2+ 103.Bd2 g3+ 104.Kg1 Kg4 105.e7
Qb1+ 106.Be1 Qc2 107.Bd2 Qb1+ 108.Bc1 Qc2 109.Qe6+ Kf3 110.Qd5+ Kg4 111.
Qd7+ Kf3 112.Qd2 Qc6 1-0

[Event "XIX Festival Conca della Presolana Magistrale"]
[Site "Bratto - Castione della Presolana ITA"]
[Date "1999.08.26"]
[Round "5"]
[White "Bresciani, Nicola"]
[Black "Caruso, Daniele"]
[Result "1-0"]
[WhiteElo "2275"]
[BlackElo "2103"]
[PlyCount "49"]
[EventDate "1999.08.22"]

1.e4 e6 2.d4 d5 3.Nd2 Nf6 4.e5 Nfd7 5.c3 c5 6.Bd3 Nc6 7.Ne2 cxd4 8.cxd4 f6
9.exf6 Nxf6 10.Nf3 Bd6 11.O-O Qc7 12.Bg5 O-O 13.Bh4 Nh5 14.Qc2 h6 15.Bg6 
Nf4 16.Nxf4 Rxf4 17.Bg3 Rf6 18.Rac1 Bxg3 19.hxg3 Qb6 20.Ne5 Nxd4 21.Qxc8+ 
Rf8 22.Bf7+ Kh7 23.Qc7 Ne2+ 24.Kh2 Nxc1 25.Qc2+ 1-0

[Event "XIX Festival Conca della Presolana Magistrale"]
[Site "Bratto - Castione della Presolana ITA"]
[Date "1999.08.26"]
[Round "5"]
[White "Capece, Adolivio"]
[Black "Galli, Fabio"]
[Result "1-0"]
[WhiteElo "2051"]
[BlackElo "2158"]
[PlyCount "59"]
[EventDate "1999.08.22"]

1.c4 e6 2.Nf3 Nf6 3.Nc3 d5 4.d4 Be7 5.Bg5 h6 6.Bf4 c6 7.e3 O-O 8.Qc2 Nbd7 
9.Rc1 b6 10.cxd5 exd5 11.Bd3 Bb7 12.O-O Rc8 13.h3 Re8 14.g4 g5 15.Bg3 c5 
16.Qb1 Nf8 17.Bf5 Ra8 18.Nb5 Bc8 19.Nc7 Bxf5 20.Qxf5 Ne4 21.Nxe8 Qxe8 22.
Qxd5 Nxg3 23.fxg3 Kg7 24.Ne5 f6 25.Nc6 Bd8 26.Rf3 cxd4 27.Nxd4 Be7 28.Nf5+
Kh8 29.Nxe7 Rd8 30.Qg8# 1-0

[Event "XIX Festival Conca della Presolana Magistrale"]
[Site "Bratto - Castione della Presolana ITA"]
[Date "1999.08.26"]
[Round "5"]
[White "Cebalo, Miso"]
[Black "Scavo, Fernando"]
[Result "1-0"]
[WhiteElo "2453"]
[BlackElo "2290"]
[PlyCount "53"]
[EventDate "1999.08.22"]

1.d4 Nf6 2.c4 e6 3.Nf3 b6 4.a3 Ba6 5.Qc2 Bb7 6.Nc3 c5 7.e4 cxd4 8.Nxd4 Nc6
9.Nxc6 Bxc6 10.Qe2 d6 11.g3 Be7 12.Bg2 O-O 13.O-O Qc7 14.Bf4 a6 15.Rfd1 
Rfd8 16.b4 Rac8 17.Rac1 Qa7 18.g4 h6 19.h4 Nh7 20.Bg3 g5 21.hxg5 hxg5 22.
e5 Qb7 23.Bxc6 Qxc6 24.exd6 Bxd6 25.b5 Qc7 26.Rxd6 Rxd6 27.Ne4 1-0

[Event "XIX Festival Conca della Presolana Magistrale"]
[Site "Bratto - Castione della Presolana ITA"]
[Date "1999.08.26"]
[Round "5"]
[White "De Barberis, Massimo"]
[Black "Moncelli, Giorgio"]
[Result "1/2-1/2"]
[WhiteElo "2096"]
[BlackElo "2174"]
[PlyCount "30"]
[EventDate "1999.08.22"]

1.d4 Nf6 2.c4 e6 3.Nc3 Bb4 4.Nf3 O-O 5.Bg5 h6 6.Bh4 b6 7.e3 Bb7 8.Be2 d6 
9.O-O Bxc3 10.bxc3 Nbd7 11.Nd2 Qe7 12.f4 e5 13.fxe5 dxe5 14.d5 e4 15.Qc2 
g5 1/2-1/2

[Event "XIX Festival Conca della Presolana Magistrale"]
[Site "Bratto - Castione della Presolana ITA"]
[Date "1999.08.26"]
[Round "5"]
[White "Drabke, Lorenz Maximilian"]
[Black "Castaldo, Folco"]
[Result "1-0"]
[WhiteElo "2102"]
[BlackElo "2225"]
[PlyCount "94"]
[EventDate "1999.08.22"]

1.e4 e6 2.d4 d5 3.Nd2 Be7 4.Ngf3 Nf6 5.Bd3 c5 6.dxc5 dxe4 7.Nxe4 Nxe4 8.
Bxe4 Qxd1+ 9.Kxd1 Bxc5 10.Ke2 Nd7 11.c3 Nf6 12.Bd3 Ke7 13.Be3 Bxe3 14.Kxe3
Nd5+ 15.Kd2 Nf4 16.Bf1 b6 17.g3 Bb7 18.Ke3 Nd5+ 19.Ke2 Rhd8 20.Rg1 b5 21.
Nd2 a5 22.Bg2 Ba6 23.Rgd1 Rac8 24.Rac1 Nb6 25.Ke1 Na4 26.Rc2 Nc5 27.Bf1 
Nd3+ 28.Bxd3 Rxd3 29.Nb3 Rxd1+ 30.Kxd1 a4 31.Nd4 g6 32.f4 h6 33.Nf3 Bb7 
34.Nd4 Rc5 35.Re2 g5 36.Re5 Kd6 37.Nxb5+ Kc6 38.Nd4+ Kd6 39.Rxc5 Kxc5 40.
Kd2 gxf4 41.gxf4 Bd5 42.b4+ axb3 43.axb3 f6 44.Kd3 e5 45.fxe5 fxe5 46.b4+ 
Kb6 47.Nf5 h5 1-0

[Event "XIX Festival Conca della Presolana Magistrale"]
[Site "Bratto - Castione della Presolana ITA"]
[Date "1999.08.26"]
[Round "5"]
[White "Drazic, Sinisa"]
[Black "Godena, Michele"]
[Result "1/2-1/2"]
[WhiteElo "2493"]
[BlackElo "2490"]
[PlyCount "80"]
[EventDate "1999.08.22"]

1.e4 e5 2.Nc3 Nf6 3.Nf3 Nc6 4.g3 d5 5.exd5 Nxd5 6.Bg2 Nxc3 7.bxc3 Bd6 8.
O-O O-O 9.Rb1 Rb8 10.d4 Bg4 11.h3 Bd7 12.Re1 Re8 13.Bg5 Qc8 14.dxe5 Bxe5 
15.Nxe5 Nxe5 16.Bf4 Ng6 17.Rxe8+ Bxe8 18.Be3 b6 19.h4 h6 20.c4 Ne7 21.Qe1 
Bc6 22.Bxh6 Bxg2 23.Kxg2 Ng6 24.Bg5 Qg4 25.c5 f6 26.Rb4 Qf5 27.Bf4 Qxc5 
28.Qe6+ Kf8 29.Rc4 Nxf4+ 30.gxf4 Qd6 31.Qxd6+ cxd6 32.Rc7 Re8 33.Kf3 d5 
34.h5 Re7 35.h6 gxh6 36.Rc6 Kf7 37.Kg4 Re6 38.Rc7+ Re7 39.Rc6 Re6 40.Rc7+ 
Re7 1/2-1/2

[Event "XIX Festival Conca della Presolana Magistrale"]
[Site "Bratto - Castione della Presolana ITA"]
[Date "1999.08.26"]
[Round "5"]
[White "Everet, Alexandro"]
[Black "Mantovani, Renzo"]
[Result "1/2-1/2"]
[WhiteElo "2294"]
[BlackElo "2419"]
[PlyCount "110"]
[EventDate "1999.08.22"]

1.d4 Nf6 2.c4 e6 3.Nc3 Bb4 4.Bd2 d5 5.e3 O-O 6.a3 Be7 7.Nf3 Nbd7 8.cxd5 
exd5 9.Bd3 c6 10.O-O Re8 11.Qc2 g6 12.b4 a6 13.Na4 Bd6 14.Nc5 b6 15.Nxd7 
Bxd7 16.Bc3 Ne4 17.Bb2 f6 18.Nd2 Nxd2 19.Qxd2 Qe7 20.Rfe1 f5 21.Bc3 h5 22.
f3 Qg5 23.Qf2 Rf8 24.Bd2 Qf6 25.Rf1 c5 26.bxc5 bxc5 27.dxc5 Bxc5 28.Bb4 
Rfc8 29.Bxc5 Rxc5 30.Qd2 Qc3 31.Rfd1 Ba4 32.Qxc3 Rxc3 33.Rd2 Kg7 34.Kf2 a5
35.Be2 Bb3 36.a4 Rac8 37.Ra3 Rc2 38.Rxc2 Bxc2 39.Ke1 g5 40.Kd2 f4 41.exf4 
gxf4 42.g3 Kf6 43.gxf4 Ke6 44.Bb5 Kd6 45.h4 d4 46.Bd3 Bxd3 47.Kxd3 Rf8 48.
Rb3 Rxf4 49.Rb6+ Kc7 50.Rb5 Rxf3+ 51.Kxd4 Rf4+ 52.Ke3 Rxa4 53.Rxh5 Ra1 54.
Kd2 Rh1 55.Rxa5 Rxh4 1/2-1/2

[Event "XIX Festival Conca della Presolana Magistrale"]
[Site "Bratto - Castione della Presolana ITA"]
[Date "1999.08.26"]
[Round "5"]
[White "Giretti Kanev, Jasen"]
[Black "Mauro, Alan"]
[Result "0-1"]
[WhiteElo "2152"]
[BlackElo "2278"]
[PlyCount "84"]
[EventDate "1999.08.22"]

1.Nf3 Nf6 2.g3 g6 3.Bg2 Bg7 4.d4 O-O 5.c4 d6 6.O-O Nc6 7.Nc3 a6 8.d5 Na5 
9.Qd3 c5 10.Rb1 b5 11.Nd2 Rb8 12.cxb5 axb5 13.b4 cxb4 14.Rxb4 Nd7 15.Rxb5 
Nc5 16.Qb1 Ba6 17.Rxb8 Qxb8 18.Bb2 Bxe2 19.Nxe2 Qxb2 20.Qxb2 Bxb2 21.Rb1 
Na4 22.Be4 Rc8 23.Bd3 Nc5 24.Bxg6 hxg6 25.Rxb2 Nd3 26.Rb5 Rc2 27.Rxa5 Rxd2
28.Nd4 Rd1+ 29.Kg2 Ne1+ 30.Kf1 Nc2+ 31.Ke2 Rxd4 32.Ra7 Kf8 33.a4 Rxd5 34.
a5 Nd4+ 35.Ke3 Nc6 36.Ra8+ Kg7 37.a6 Ra5 38.Ke4 Nb4 39.a7 Nc6 40.Rc8 Nxa7 
41.Rc7 Re5+ 42.Kd3 Nb5 0-1

[Event "XIX Festival Conca della Presolana Magistrale"]
[Site "Bratto - Castione della Presolana ITA"]
[Date "1999.08.26"]
[Round "5"]
[White "Gorelli Fagiolini, Marco"]
[Black "Pass, Deborah J."]
[Result "1/2-1/2"]
[WhiteElo "2206"]
[BlackElo "2030"]
[PlyCount "58"]
[EventDate "1999.08.22"]

1.e4 g6 2.Nf3 Bg7 3.Nc3 c6 4.d4 d5 5.h3 Nf6 6.Bd3 dxe4 7.Nxe4 Nxe4 8.Bxe4 
O-O 9.c3 Be6 10.O-O Nd7 11.Re1 Nf6 12.Bc2 Qc7 13.Qe2 Rae8 14.Bg5 Nd5 15.
Qd2 Nb6 16.Bh6 Nc4 17.Qc1 Nd6 18.Bxg7 Kxg7 19.Qf4 Bd5 20.Nh2 Nb5 21.Qh4 f5
22.Re5 Nd6 23.Rae1 Rf6 24.R5e2 Nf7 25.f4 Nd6 26.b3 b5 27.Re3 c5 28.dxc5 
Qxc5 29.Kh1 Be4 1/2-1/2

[Event "XIX Festival Conca della Presolana Magistrale"]
[Site "Bratto - Castione della Presolana ITA"]
[Date "1999.08.26"]
[Round "5"]
[White "Griffa, Roberto"]
[Black "Campanile, Antonio"]
[Result "1-0"]
[WhiteElo "2053"]
[BlackElo "2156"]
[PlyCount "87"]
[EventDate "1999.08.22"]

1.d4 f5 2.Bg5 h6 3.Bh4 g5 4.e4 Bg7 5.Bg3 fxe4 6.Nc3 d5 7.f3 c5 8.fxe4 cxd4
9.Qh5+ Kf8 10.Nxd5 Qa5+ 11.b4 Qa3 12.Qf3+ Qxf3 13.Nxf3 Nc6 14.Nc7 Rb8 15.
Bb5 g4 16.Nh4 Bf6 17.O-O a6 18.Bxc6 bxc6 19.e5 Kf7 20.exf6 Nxf6 21.Nd5 Rb5
22.Nxf6 exf6 23.Bd6 Rd5 24.Bc5 Be6 25.Rad1 Rhd8 26.g3 d3 27.cxd3 Rxd3 28.
Rxd3 Rxd3 29.Ng2 Bxa2 30.Nf4 Rd2 31.Rf2 Rd1+ 32.Kg2 Bb1 33.Re2 f5 34.Re7+ 
Kg8 35.Ne6 Be4+ 36.Kf2 Bd5 37.Nd4 Be4 38.Ke3 Rf1 39.Ne6 Bd5 40.Nc7 Be4 41.
Ne8 Rf3+ 42.Kd4 Rd3+ 43.Kc4 Rd8 44.Nf6+ 1-0

[Event "XIX Festival Conca della Presolana Magistrale"]
[Site "Bratto - Castione della Presolana ITA"]
[Date "1999.08.26"]
[Round "5"]
[White "Lantini, Marco"]
[Black "Quinn, Mark Peter"]
[Result "1/2-1/2"]
[WhiteElo "2193"]
[BlackElo "2377"]
[PlyCount "45"]
[EventDate "1999.08.22"]

1.e4 c5 2.Nf3 Nc6 3.d4 cxd4 4.Nxd4 e5 5.Nb5 d6 6.c4 Be7 7.Be2 Be6 8.O-O 
Rc8 9.N1c3 a6 10.Na3 Nd4 11.Be3 Nxe2+ 12.Qxe2 Nf6 13.f3 O-O 14.Rac1 Nd7 
15.Rfd1 Qa5 16.Nd5 Bxd5 17.Rxd5 Qa4 18.Qd1 Qxd1+ 19.Rdxd1 f5 20.exf5 Rxf5 
21.c5 Rc6 22.cxd6 Rxd6 23.Rxd6 1/2-1/2

[Event "XIX Festival Conca della Presolana Magistrale"]
[Site "Bratto - Castione della Presolana ITA"]
[Date "1999.08.26"]
[Round "5"]
[White "Lanzani, Mario"]
[Black "Dorighet, Claudio"]
[Result "1-0"]
[WhiteElo "2403"]
[BlackElo "2121"]
[PlyCount "67"]
[EventDate "1999.08.22"]

1.e4 c5 2.Nf3 d6 3.d4 cxd4 4.Nxd4 Nf6 5.Nc3 g6 6.Be2 Bg7 7.O-O Nc6 8.Nb3 
O-O 9.Re1 Be6 10.Bf1 Rc8 11.Nd5 Bxd5 12.exd5 Ne5 13.Be3 a6 14.a4 Qc7 15.
Rc1 Nc4 16.Bd4 Rfe8 17.Qf3 b5 18.axb5 axb5 19.g4 Qb7 20.Bg2 h6 21.h4 b4 
22.g5 hxg5 23.hxg5 Nd7 24.Bxg7 Kxg7 25.Qd3 Qb6 26.Qh3 Nce5 27.Qh6+ Kg8 28.
Re4 Nf8 29.Rh4 f5 30.Qh8+ Kf7 31.Nd4 Red8 32.Ne6 Ned7 33.Qg7+ Ke8 34.Rh7 
1-0

[Event "XIX Festival Conca della Presolana Magistrale"]
[Site "Bratto - Castione della Presolana ITA"]
[Date "1999.08.26"]
[Round "5"]
[White "Lapiccirella, Mattia"]
[Black "Trabert, Bettina"]
[Result "1/2-1/2"]
[WhiteElo "2124"]
[BlackElo "2301"]
[PlyCount "52"]
[EventDate "1999.08.22"]

1.d4 d5 2.c4 e6 3.Nc3 c6 4.e3 Nf6 5.Nf3 Nbd7 6.Qc2 Bd6 7.b3 O-O 8.Be2 Re8 
9.O-O dxc4 10.bxc4 e5 11.Rd1 Qe7 12.Rb1 e4 13.Nd2 Nf8 14.c5 Bc7 15.Nc4 h5 
16.Ba3 h4 17.Nd6 Bxd6 18.cxd6 Qe6 19.d5 Nxd5 20.Nxd5 cxd5 21.h3 Qg6 22.Kh2
Re5 23.Qc7 Rf5 24.Rf1 Rg5 25.Rg1 Qf6 26.Rgf1 Qg6 1/2-1/2

[Event "XIX Festival Conca della Presolana Magistrale"]
[Site "Bratto - Castione della Presolana ITA"]
[Date "1999.08.26"]
[Round "5"]
[White "Leoni, Fabrizio"]
[Black "Solinas, Carlo"]
[Result "1-0"]
[WhiteElo "1905"]
[BlackElo "2087"]
[PlyCount "147"]
[EventDate "1999.08.22"]

1.d4 Nf6 2.c4 g6 3.Nc3 Bg7 4.e4 d6 5.Nf3 O-O 6.Be2 e5 7.d5 a5 8.Be3 Na6 9.
O-O Qe8 10.a3 Bd7 11.Ne1 a4 12.Nd3 b6 13.f3 Nc5 14.Nb4 Nh5 15.Nb5 Bxb5 16.
cxb5 Nf4 17.Bc4 f5 18.Qc2 fxe4 19.fxe4 Qd7 20.Rf3 Qg4 21.Bxc5 bxc5 22.Na6 
Rf7 23.Rg3 Qd7 24.Qxa4 Nh5 25.Rc3 Qg4 26.Qc2 Kh8 27.Rf1 Nf4 28.Rg3 Qh5 29.
Rgf3 Raf8 30.Kh1 g5 31.g3 g4 32.R3f2 Nh3 33.Rxf7 Rxf7 34.Rxf7 Qxf7 35.Qe2 
h5 36.Kg2 Bh6 37.Qf1 Nf4+ 38.gxf4 exf4 39.Be2 Qf6 40.Nxc7 Qxb2 41.Kh1 Qxa3
42.b6 Qb4 43.Nb5 Qxe4+ 44.Kg1 f3 45.Bd3 Be3+ 46.Kh1 Qxd5 47.Nc3 Qb7 48.Qa1
f2+ 49.Be4 Qf7 50.Bg2 Bd4 51.Qa8+ Kg7 52.Qa7 c4 53.Qxf7+ Kxf7 54.b7 Ba7 
55.Bf1 Ke6 56.Bxc4+ Ke5 57.Kg2 Bb8 58.Nd1 d5 59.Bd3 Kd6 60.Nxf2 Kc7 61.Bg6
Kxb7 62.Bxh5 Kc6 63.Bxg4 d4 64.h4 Kd5 65.Kf3 Ke5 66.Nd3+ Kf6 67.Bc8 Kg6 
68.Kg4 Bd6 69.Bf5+ Kh6 70.h5 Bc7 71.Bg6 Bd6 72.Kf5 Bf8 73.Ne5 Ba3 74.Kf6 
1-0